Largest Countries Never to Qualify for a FIFA World Cup - Statistics

General Stats
  • This quiz has been taken 28,158 times
    26,564 since last reset
  • The average score is 13 of 20
Answer Stats
Population Country % Correct
1465 m India
98%
256 m Pakistan
88%
176 m Bangladesh
81%
102 m Vietnam
76%
71.6 m Thailand
74%
136 m Ethiopia
73%
28.0 m Niger
70%
117 m Philippines
69%
51.9 m Sudan
68%
36.0 m Malaysia
66%
57.7 m Kenya
64%
70.9 m Tanzania
64%
44.0 m Afghanistan
63%
54.9 m Myanmar
62%
35.8 m Mozambique
54%
51.6 m Uganda
52%
29.6 m Nepal
49%
42.0 m Yemen
45%
32.9 m Madagascar
44%
28.5 m Venezuela
41%
No matching quizzes found
Score Distribution
Percent of People with Each Score
Percentile by Number Answered
Your Score History
You have not taken this quiz since the last reset